| 000 | 00456cam a2200181ua 4500 | ||
|---|---|---|---|
| 020 | _c2.50 | ||
| 041 |
_amal _h |
||
| 082 |
_a894.81209 _bHAR/NA |
||
| 100 | _aHarisarma, A.D . | ||
| 245 |
_aNatakapravesika / _cA.D.Harisarma. _hTextual Documents |
||
| 260 |
_aKottayam : _bSahitya Pravarthaka Co-operative Society , _c1963. |
||
| 300 | _a190 ; . | ||
| 365 | _a2.50 | ||
| 504 | _a | ||
| 700 | 1 | _aSarma, R.C . | |
| 942 | _cBK | ||
| 999 |
_c997 _d997 |
||